Grêmio Vs Internacional Best XI - Statistics

General Stats
  • This quiz has been taken 11 times
  • The average score is 6 of 22
Answer Stats
Hint Answer % Correct
DF(2017-24 Pedro Geromel
89%
GK(1993-2003 Danrlei
78%
MF(2008~22 Andrés D'Alessandro
67%
MF(1972-80 Falcão
56%
DF(1994-2003 Roger Machado
44%
FW(1998-2001 Ronaldinho
44%
MF(2014~23 Luan
33%
MF(2005~23 Lucas Leiva
33%
DF(1979-86 Mauro Galvão
33%
FW(1973-86 Tarciso
33%
DF(2005-14 Índio
22%
FW(1968~83 Valdomiro
22%
FW(1938-51 Carlitos
11%
FW(1967~79 Claudiomiro
11%
DF(1981~94 Luiz Carlos Winck
11%
DF(1955-67 Airton Pavilhão
0%
FW(1964~78 Alcindo
0%
DF(1965-75 Bibiano Pontes
0%
MF(1992~2003 Carlos Miguel
0%
MF(1964-75 Dorinho
0%
GK(1962~71 Gainete
0%
DF(1978-83 Paulo Roberto
0%
No matching quizzes found
Score Distribution
Percent of People with Each Score
Percentile by Number Answered
Your Score History
You have not taken this quiz